000 00457nam a2200169 4500
003 OSt
005 20240703052607.0
006 a
008 240703b |||||||| |||| 00| 0 eng d
020 _a0131443496
040 _aDWCL-Main lib.
_cOC
082 _aCirc. 347.731 B218c 2008
100 _aJack O’ Brien Christopher
245 _aCourts and judicial policymaking /
260 _aNew Jersey :
_bPearson Education Inc.
942 _2ddc
_n0
_cBK-CIRC
_kCirc.
999 _c1868
_d1868